| 000 | 01169nam a22003497a 4500 | ||
|---|---|---|---|
| 003 | CHAP | ||
| 005 | 20220817041731.0 | ||
| 008 | 971013s1967 r 00010 d | ||
| 010 | _a22925 | ||
| 011 | _a23897 | ||
| 035 | _a27994 | ||
| 040 | _cCHAP | ||
| 090 | _aFolleto 968 | ||
| 100 | 0 | 0 |
_aBrady, Eugene A. _914972 |
| 245 | _aProduction functions for the industrial sector of Peru | ||
| 260 |
_aAmes : _bIowa State University. Department of Economics, _c1967 |
||
| 300 | _a20 p. | ||
| 490 |
_aInternational studies in economics. Monograph _v; 5 |
||
| 590 |
_aBATCH-UPD _b10 _c20130110 _lUCH01 _h0226 |
||
| 590 |
_aBATCH-UPD _b10 _c20130110 _lUCH01 _h1601 |
||
| 590 |
_aBATCH-UPD _b10 _c20130409 _lUCH01 _h2248 |
||
| 590 |
_aBATCH-UPD _b10 _c20130410 _lUCH01 _h1503 |
||
| 590 |
_aBATCH-UPD _b10 _c20130914 _lUCH01 _h0746 |
||
| 590 |
_aCONVERSION _b10 _c20130109 _lUCH01 _h1313 |
||
| 650 | 1 | 4 |
_aIndustria _xPerú. _957759 |
| 650 | 1 | 4 |
_aIndustrialización. _957923 |
| 650 | 1 | 4 |
_aPolítica económica _xPerú. _990520 |
| 830 | 0 |
_aInternational studies in economics Monograph _v; 5 |
|
| 901 | _aBK | ||
| 942 | _cFOLL | ||
| 949 |
_aFolleto 968 _bBC _cFOLL _d-64628 _eTS1 _i27994 _si |
||
| 999 |
_c22925 _d22925 |
||